O meu pai (Registo nº 2207)
[ vista simples ]
| 000 -Etiqueta do registo | |
|---|---|
| Cabeçalho | 00993nam a22002651 4500 |
| 005 - Identificador da versão | |
| Campo de controlo | 20240813121927.0 |
| 010 ## - Número internacional normalizado dos livros (ISBN) | |
| Número (ISBN) | 9727421032 |
| 021 ## - Número do Depósito Legal | |
| Código do país | PT |
| Número | 126688/98 |
| 100 ## - Dados gerais de processamento | |
| Dados gerais de processamento | 19980617d1998 c a0pory5003 ba |
| 102 ## - Pais de publicação ou produção | |
| País de publicação | Portugal |
| 101 0# - Língua de publicação | |
| Língua do texto, banda sonora, etc. | Português |
| 106 ## - Campo de dados codificados: material textual | |
| Dados codificados do material textual | d |
| 105 ## - Campo de dados codificados: livros | |
| Dados codificados dos livros | a z 000yy |
| 215 ## - Descrição física | |
| Indicação específica da natureza do documento e extensão da espécie | 31, [1] p. |
| Outras indicações físicas | muito il. |
| Dimensões | 21 cm |
| 200 1# - Titulo e menção de responsabilidade | |
| Título próprio | O meu pai |
| Primeira menção de responsabilidade | Manuela Bacelar |
| Outras menções de responsabilidade | [ed. lit.] Ministério da Educação. Departamento da Educação Básica. Gabinete para a Expansão e Desenvolvimento da Educação Pré-Escolar |
| 210 ## - Publicação, Distribuição, etc. | |
| Lugar da edição, distribuição, etc. | Lisboa |
| Nome do editor, distribuidor, etc. | ME-DEB-GEDEPE |
| Data da publicação, distribuição, etc. | imp. 1998 |
| 606 ## - Nome comum usado como assunto | |
| Número de registo de entrada de autoridade | 0000029 |
| Palavra de ordem | Literatura portuguesa infantil |
| Subdivisão de assunto | Conto |
| 675 ## - Classificação Decimal Universal (CDU) | |
| Notação | 821.134.3-34 |
| Edição | 2ª |
| Língua da edição | por |
| 712 02 - Nome de colectividade-autor (responsabilidade secundária) | |
| Número de registo de entrada de autoridade | 0001024 |
| Palavra de ordem | Portugal |
| Subdivisão | Ministério da Educação |
| Elementos de identificação ou distinção | Departamento da Educação Básica |
| Número do grupo-eventual e/ou número de uma parte do grupo-eventual | Gabinete para a Expansão e Desenvolvimento da Educação Pré-Escolar |
| Código de função | Editor literário / Coordenador |
| 700 #1 - Nome de autor-pessoa física (responsabilidade principal) | |
| Número de registo de entrada de autoridade | 0000548 |
| Palavra de ordem | Bacelar |
| Outra parte do nome não tomada para palavra de ordem | Manuela |
| Datas | 1943- |
| 942 ## - Elementos de entrada adicionados (Koha) | |
| Tipo de item no Koha | Livro |
| Situação do levantamento | Origin of item (home branch) (coded) | Biblioteca de empréstimo | Código de barras | Cota | Circulation type (not for loan) | Tipo de documento | Nota do exemplar | Damaged status |
|---|---|---|---|---|---|---|---|---|
| Biblioteca Escolar da Coca Maravilhas | Biblioteca Escolar da Coca Maravilhas | BECM4185/98 | 8POR BAC | Livro | Sem mensagem |
